000 00298nam a22001337a 4500
008 170526b xxu||||| |||| 00| 0 eng d
020 _a0852266022
041 _aeng
080 _21ST
_a62
100 _a25
101 _aIM
245 _aCONTROL SYSTEMS ENGINEERING
_cNAGRATH,I.J
942 _2udc
_cBK
999 _c14356
_d14356